000 00412nam a2200157 i 4500
001 75711
003 ES-MaACL
005 20230906172551.0
007 t|
008 040927s1968 uy ||||1| spa d
100 1 _aGrien, Raúl.
_959984
245 1 0 _aCuatro esquinas
_b: novela /
_cRaúl Grien.
260 _aMontevideo :
_bAlfa,
_c[1968]
300 _a212 p. ;
_c18 cm.
852 _aES-MaACL
_jC-43254
_bR.78616
999 _c75711
_d75711